LEADER 01067nlm0 22003251i 450 001 990009875440403321 005 20140630120044.0 010 $a9781845930400 035 $a000987544 035 $aFED01000987544 035 $a(Aleph)000987544FED01 035 $a000987544 100 $a20140630d2006----km-y0itay0103----ba 101 0 $aeng 135 $adrnn-008mamaa 200 1 $aVacation decision making$bRisorsa elettronica$fAlain Decrop 210 $aWallingford, U.K. ; Cambridge, Mass.$cCABI Pub.$cOvid [distributor]$d2006 230 $aDocumento elettronico 336 $aTesto 337 $aFormato pdf 676 $a910.68 700 1$aDecrop,$bAlain$0477110 801 3$aIT$bUNINA$gREICAT$2UNIMARC 856 4 $zFull text per gli utenti Federico II$uhttp://ovidsp.ovid.com/ovidweb.cgi?T=JS&PAGE=booktext&NEWS=N&DF=bookdb&AN=01434503/1st_Edition&XPATH=/PG(0) 901 $aEB 912 $a990009875440403321 961 $aTourism$aDecision making 961 $aEnvirionmental Exposure 996 $aVacation decision making$9239163 997 $aUNINA LEADER 01481nam a2200313 i 4500 001 991002263879707536 005 20020507161932.0 008 991201s1995 it ||| | ita 020 $a8813193602 035 $ab11632070-39ule_inst 035 $aLE02733514$9ExL 040 $aDip.to Studi Giuridici$bita 082 0 $a346.45031 084 $aC-XIX/A 100 1 $aZeno-Zencovich, Vincenzo$0145311 245 13$aLa responsabilità professionale del giornalista e dell'editore :$bcon le massime da 300 sentenze (1960-1994) /$cVincenzo Zeno-Zencovich, Michele Clemente, Maria Gabriella Lodato 260 $aPadova :$bCEDAM,$c1995 300 $axiii, 451 p. ;$c24 cm. 490 0 $aDiritto e pratica nelle attività culturali, informative e ricreative ;$v13 650 4$aGiornalisti$xResponsabilità$xGiurisprudenza 700 1 $aClemente, Michele$eauthor$4http://id.loc.gov/vocabulary/relators/aut$0263903 700 1 $aLodato, Maria Gabriella$eauthor$4http://id.loc.gov/vocabulary/relators/aut$0263904 907 $a.b11632070$b01-03-17$c02-07-02 912 $a991002263879707536 945 $aLE027 346 ZEN01.01$g1$i2027000000227$lle027$o-$pE0.00$q-$rl$s- $t0$u2$v1$w2$x0$y.i11851417$z02-07-02 945 $aLE027 C-XIX/A 4$g1$iLE027I-3650$lle027$o-$pE0.00$q-$rl$s- $t0$u0$v0$w0$x0$y.i11851429$z02-07-02 996 $aResponsabilità professionale del giornalista e dell'editore$91452058 997 $aUNISALENTO 998 $ale027$b01-01-99$cm$da $e-$fita$git $h3$i2